000 00346 a2200169 4500
001 182725
020 _a
040 _cMagnum
100 _aPynchon, Thomas
240 1 0 _aVineland
_lpor
245 1 0 _aVineland
300 _a397
362 0 _a1991
440 1 _aCompanhia das Letras
697 _aLITERATURA GERAL ESTRANGEIRA
942 _cBK
999 _c182725
_d182725